[Event "Russian Championship G11 2016"]
[Site "Loo"]
[Date "2016.04.22"]
[Round "3.12"]
[White "Yusupova, Elina"]
[Black "Badmaeva, Elzjata"]
[Result "0-1"]
[WhiteElo "1243"]
[BlackElo "1477"]
[PlyCount "108"]
[EventDate "2016.04.20"]

1. d4 Nf6 2. Nf3 g6 3. Bf4 d6 4. e3 Bg7 5. Bc4 O-O 6. O-O Nc6 7. Nbd2 Re8 8.
Ng5 e6 9. Ngf3 h6 10. e4 e5 11. dxe5 dxe5 12. Bg3 Bg4 13. Qe2 Nd4 14. Qd3 Nxf3+
15. Nxf3 Qxd3 16. cxd3 Bxf3 17. gxf3 Nh5 18. Rac1 c6 19. a4 Rad8 20. Rfd1 Rd4
21. b4 Red8 22. b5 R8d6 23. Rb1 cxb5 24. Rxb5 Rxc4 25. Rxb7 Rxa4 26. Rc1 Nxg3
27. Rc8+ Kh7 28. hxg3 Rf6 29. Rc5 Rxf3 30. Kg2 Rf6 31. g4 Rf4 32. Kg3 Ra3 33.
Rd5 a5 34. f3 a4 35. d4 Raxf3+ 36. Kg2 exd4 37. e5 a3 38. e6 a2 39. Ra7 Rf2+
40. Kg1 fxe6 41. Rdd7 Rf7 42. Rxf7 Rxf7 43. Rxa2 e5 44. g5 hxg5 45. Re2 Rf4 46.
Kg2 e4 47. Kg3 d3 48. Rd2 Bc3 49. Rf2 Be1 50. Kg2 Rxf2+ 51. Kg1 d2 52. Kh1 d1=Q
53. Kg1 e3 54. Kh1 Bc3# 0-1

[Event "Russian Championship G11 2016"]
[Site "Loo"]
[Date "2016.04.22"]
[Round "3.13"]
[White "Alimova, Dana"]
[Black "Tochilina, Margarita"]
[Result "1-0"]
[WhiteElo "1458"]
[BlackElo "1256"]
[PlyCount "69"]
[EventDate "2016.04.20"]

1. e4 c5 2. Nf3 e6 3. d4 cxd4 4. Nxd4 Nf6 5. Nc3 Nc6 6. Be3 Bb4 7. Bd3 d5 8.
Nxc6 bxc6 9. exd5 exd5 10. Bd2 O-O 11. O-O Qc7 12. h3 Bc5 13. Ne2 a6 14. Bf4
Qd8 15. Ng3 Ba7 16. Nf5 Bxf5 17. Bxf5 Bb8 18. Qf3 Bxf4 19. Qxf4 Qb6 20. b3 Rad8
21. Rad1 c5 22. Rfe1 Qa7 23. Qd2 a5 24. Re5 Rb8 25. Rde1 a4 26. R1e3 axb3 27.
cxb3 Ra8 28. a4 Rab8 29. Rg3 Kh8 30. Qg5 Rg8 31. Qh4 Qc7 32. Bxh7 Nxh7 33. Rh5
Rgc8 34. Rxh7+ Kg8 35. Rh8# 1-0

[Event "Russian Championship G11 2016"]
[Site "Loo"]
[Date "2016.04.22"]
[Round "3.14"]
[White "Nikolaeva, Nadezhda"]
[Black "Shvedova, Alexandra"]
[Result "1-0"]
[WhiteElo "1237"]
[BlackElo "1410"]
[PlyCount "59"]
[EventDate "2016.04.20"]

1. d4 d5 2. c4 e6 3. Nc3 Be7 4. cxd5 exd5 5. Bf4 c6 6. Qc2 Nf6 7. e3 Nbd7 8.
Bd3 O-O 9. Nge2 h6 10. O-O Ne8 11. f3 Nd6 12. e4 Nb6 13. b3 Be6 14. Rad1 Qd7
15. Qd2 f5 16. Be3 Nf7 17. Nf4 fxe4 18. Nxe6 Qxe6 19. fxe4 Ng5 20. e5 Rad8 21.
Qc2 Qd7 22. Bf5 Qc7 23. Bf4 Ra8 24. e6 Bd6 25. Nb5 cxb5 26. Qxc7 Bxc7 27. Bxc7
Rae8 28. Rde1 Rf6 29. e7 Kf7 30. Bd8 1-0

[Event "Russian Championship G11 2016"]
[Site "Loo"]
[Date "2016.04.22"]
[Round "3.16"]
[White "Cherniak, Anastasiia"]
[Black "Kudryavtseva, Anastasia"]
[Result "0-1"]
[WhiteElo "1368"]
[BlackElo "1243"]
[PlyCount "66"]
[EventDate "2016.04.20"]

1. e4 d6 2. d4 Nf6 3. Nc3 g6 4. Nf3 Bg7 5. Be2 O-O 6. O-O c6 7. Be3 Nbd7 8. Qd2
Re8 9. Rfd1 Qc7 10. Bh6 Bh8 11. Be3 a6 12. Bc4 e6 13. Bf4 b5 14. Bd3 c5 15. Be3
c4 16. Bf1 Bb7 17. Rab1 Nxe4 18. Nxe4 Bxe4 19. Ng5 Bf5 20. g3 e5 21. d5 Nf6 22.
Bh3 Bxh3 23. Nxh3 Qd7 24. Ng5 Bg7 25. Qe2 e4 26. Bd4 Qf5 27. h4 h6 28. Bxf6
Bxf6 29. g4 Qe5 30. Nh3 Bxh4 31. f4 Qe7 32. Rd4 Qa7 33. c3 Bf6 0-1

[Event "Russian Championship G13 1st league 2016"]
[Site "Loo"]
[Date "2016.04.22"]
[Round "3.1"]
[White "Shestakova, Ekaterina"]
[Black "Semenova, Dariya"]
[Result "0-1"]
[WhiteElo "1739"]
[BlackElo "1511"]
[PlyCount "154"]
[EventDate "2016.04.20"]

1. e4 c5 2. c3 e6 3. d4 d5 4. e5 Qb6 5. Nf3 Nc6 6. a3 a5 7. Bd3 cxd4 8. cxd4
Bd7 9. Bc2 Nge7 10. O-O Nf5 11. Bxf5 exf5 12. Nc3 Be6 13. Qd3 Be7 14. Be3 O-O
15. Na4 Qa6 16. Qb3 Rfd8 17. Rac1 Rac8 18. Nb6 Rc7 19. Rc2 a4 20. Qxa4 Qxb6 21.
b4 Rdc8 22. Rfc1 h6 23. Nd2 Nb8 24. h3 Rxc2 25. Rxc2 Rxc2 26. Qxc2 Qc6 27. Qxc6
Nxc6 28. Nb3 b6 29. b5 Na7 30. a4 g5 31. f4 f6 32. g3 Kf8 33. Kf2 Ke8 34. Ke2
Kd7 35. Kd3 fxe5 36. dxe5 gxf4 37. gxf4 Nc8 38. Nd4 Bc5 39. Bf2 Ne7 40. Bh4 Ng6
41. Bg3 Ba3 42. Kc2 Bc5 43. Kd3 h5 44. h4 Bxd4 45. Kxd4 Bf7 46. Kc3 Kc7 47. Kd4
Ne7 48. Be1 Ng8 49. a5 bxa5 50. Bxa5+ Kb7 51. Kc5 Ne7 52. Bd8 Ng6 53. Bg5 Be6
54. Kd6 d4 55. Kxe6 d3 56. Kxf5 Nxh4+ 57. Bxh4 d2 58. e6 d1=Q 59. Bg5 Qd5+ 60.
Kf6 Qxb5 61. Kf7 Qf5+ 62. Ke7 Kc7 63. Bf6 Qh7+ 64. Kf8 Qh6+ 65. Kf7 Qh7+ 66.
Kf8 Qg6 67. Ke7 Qg8 68. Be5+ Kc8 69. Bf6 h4 70. Bxh4 Qd8+ 71. Kf7 Qxh4 72. f5
Qh7+ 73. Kf6 Kd8 74. Ke5 Ke8 75. f6 Qh5+ 76. Kd6 Qh2+ 77. Kd5 Qf4 0-1

[Event "Russian Championship G13 1st league 2016"]
[Site "Loo"]
[Date "2016.04.22"]
[Round "3.2"]
[White "Shubina, Ekaterina"]
[Black "Karelina, Viktoriya"]
[Result "1/2-1/2"]
[WhiteElo "1469"]
[BlackElo "1673"]
[PlyCount "90"]
[EventDate "2016.04.20"]

1. e4 c6 2. d4 d5 3. exd5 cxd5 4. Bd3 Nc6 5. c3 Qc7 6. h3 Nf6 7. Nf3 e6 8. O-O
h6 9. Re1 Bd6 10. Nh4 O-O 11. Qf3 e5 12. dxe5 Nxe5 13. Qd1 Nxd3 14. Qxd3 Qc4
15. Qxc4 dxc4 16. a4 Bd7 17. Be3 a6 18. Bd4 Nh7 19. Nf3 Be6 20. Nbd2 Rac8 21.
Ne4 Be7 22. a5 Rfe8 23. Bb6 Nf6 24. Nxf6+ Bxf6 25. Nd4 Bxd4 26. cxd4 c3 27.
bxc3 Rxc3 28. d5 Bd7 29. Rxe8+ Bxe8 30. Re1 Bb5 31. Rd1 Rd3 32. Rc1 Rxd5 33.
Rc8+ Kh7 34. Rc7 Rd7 35. Rxd7 Bxd7 36. Kf1 Kg6 37. Ke2 Bc6 38. g3 Kf5 39. Ke3
g5 40. Bc5 h5 41. Bb6 Bg2 42. h4 gxh4 43. gxh4 Kg4 44. Bd8 Bc6 45. Be7 Kf5
1/2-1/2

[Event "Russian Championship G13 1st league 2016"]
[Site "Loo"]
[Date "2016.04.22"]
[Round "3.3"]
[White "Larina, Tatiana"]
[Black "Emelyanenko, Marina"]
[Result "1/2-1/2"]
[WhiteElo "1666"]
[BlackElo "1451"]
[PlyCount "139"]
[EventDate "2016.04.20"]

1. e4 Nc6 2. Nc3 e5 3. Bc4 Nf6 4. d3 Bb4 5. Nge2 d5 6. exd5 Nxd5 7. O-O Be6 8.
Nxd5 Bxd5 9. Bxd5 Qxd5 10. Bd2 Bxd2 11. Qxd2 O-O-O 12. Qg5 g6 13. Nc3 Qd4 14.
Qe3 f5 15. a3 Rhe8 16. Nb5 Qa4 17. Qc5 Kb8 18. Rac1 a6 19. Nc3 Qg4 20. Nd5 Qd4
21. Qxd4 Nxd4 22. Nc3 c5 23. Rfe1 b5 24. Ne2 Kb7 25. Nxd4 cxd4 26. f3 Kb6 27.
Re2 Rd7 28. Rce1 Rde7 29. Kf2 a5 30. h3 b4 31. axb4 axb4 32. b3 Kc5 33. Ra1 Kb5
34. Ra2 e4 35. Re1 e3+ 36. Ke2 Rc7 37. Rea1 Rec8 38. Rc1 f4 39. Ke1 Rc5 40. Ke2
R8c7 41. Rb2 h5 42. Ra2 Kb6 43. Rb2 Kc6 44. Ra2 Kd7 45. c4 dxc3 46. Ra4 Rb7 47.
Ra6 Rc6 48. Ra5 Ke6 49. Rc2 Kf6 50. h4 Rd7 51. Ra4 Rd4 52. Ra1 Rcd6 53. Rd1 g5
54. Rcc1 gxh4 55. Rc2 Kg5 56. Ra2 h3 57. gxh3 Kh4 58. Ra5 c2 59. Rc1 Rxd3 60.
Rxc2 Rxb3 61. Rf5 Kxh3 62. Rxh5+ Kg3 63. Rg5+ Kh3 64. Rh5+ Kg3 65. Rg5+ Kh4 66.
Rg4+ Kh5 67. Rxf4 Rc3 68. Rxc3 bxc3 69. Rc4 Rd2+ 70. Kxe3 1/2-1/2

[Event "Russian Championship G13 1st league 2016"]
[Site "Loo"]
[Date "2016.04.22"]
[Round "3.4"]
[White "Dedushinskaya, Anna"]
[Black "Korobitsyna, Olesya"]
[Result "1-0"]
[WhiteElo "1366"]
[BlackElo "1607"]
[PlyCount "119"]
[EventDate "2016.04.20"]

1. e4 g6 2. d4 Bg7 3. Nc3 d6 4. Nf3 Nf6 5. Bc4 O-O 6. Be3 Nxe4 7. Nxe4 d5 8.
Bxd5 Qxd5 9. Nc3 Qd8 10. Qd2 Re8 11. O-O Nd7 12. Bf4 c6 13. Rfe1 Nf6 14. b4 Nd5
15. Nxd5 cxd5 16. Qc3 Bf5 17. Rac1 Rc8 18. Qa3 Qb6 19. c3 f6 20. Re2 Be4 21.
Nd2 e5 22. dxe5 fxe5 23. Be3 Qe6 24. Nxe4 dxe4 25. Bxa7 Ra8 26. Ra1 Kh8 27. Qa5
Re7 28. Qc5 Rf7 29. Qe3 Qc4 30. Rd2 Qc6 31. Bc5 Rd7 32. Rxd7 Qxd7 33. Qxe4 Rd8
34. h3 Qf7 35. a4 Qc7 36. a5 Qf7 37. Rc1 Rd2 38. Re1 h5 39. c4 Kh7 40. Be3 Rd8
41. b5 Qc7 42. Bb6 Qd7 43. Bxd8 Qxd8 44. Qxb7 Qxa5 45. Rd1 Qc3 46. Rd7 e4 47.
Qxe4 Kh6 48. Qe3+ Qxe3 49. fxe3 Bc3 50. c5 Bb4 51. c6 Ba5 52. c7 Bxc7 53. Rxc7
Kg5 54. b6 Kf5 55. b7 g5 56. b8=Q g4 57. Qe8 gxh3 58. Rf7+ Kg4 59. Qg8+ Kh4 60.
Rf4# 1-0

[Event "Russian Championship G13 1st league 2016"]
[Site "Loo"]
[Date "2016.04.22"]
[Round "3.5"]
[White "Tolstykh, Arina"]
[Black "Zavgorodneva, Ekaterina"]
[Result "1/2-1/2"]
[WhiteElo "1254"]
[BlackElo "1531"]
[PlyCount "113"]
[EventDate "2016.04.20"]

1. d4 d5 2. c4 c6 3. Nc3 Nf6 4. Bg5 e6 5. e3 Nbd7 6. Nf3 Be7 7. cxd5 cxd5 8.
Bd3 O-O 9. O-O a6 10. h3 b5 11. a3 Bb7 12. b4 Rc8 13. Rc1 Nb6 14. Ne5 h6 15.
Bh4 Nfd7 16. Bxe7 Qxe7 17. f4 Nxe5 18. fxe5 Nc4 19. Bxc4 Rxc4 20. Qd3 Rfc8 21.
Rc2 a5 22. Rfc1 Qc7 23. Kh2 Ba6 24. bxa5 Qxa5 25. Nb1 b4 26. Qb3 Rxc2 27. Rxc2
Rxc2 28. Qxc2 bxa3 29. Qa2 Bd3 30. Qxa3 Qxa3 31. Nxa3 Kh7 32. Kg3 Kg6 33. Kf4
h5 34. g3 f6 35. exf6 gxf6 36. h4 Kg7 37. g4 hxg4 38. Kxg4 Kg6 39. Kf4 Kh5 40.
Kg3 Kg6 41. Kf4 Kg7 42. h5 Kh7 43. Kg3 Kg7 44. Kf4 Kf7 45. Kf3 Ke7 46. Kf2 Kf7
47. Kg3 e5 48. Kf2 Kg7 49. Kg3 exd4 50. exd4 Kh6 51. Kg4 Kg7 52. Kf4 f5 53. Ke3
Be4 54. Nb5 Kh6 55. Nc7 Kxh5 56. Ne6 Kg4 57. Nf4 1/2-1/2

[Event "Russian Championship G13 1st league 2016"]
[Site "Loo"]
[Date "2016.04.22"]
[Round "3.6"]
[White "Vorobieva, Varvara"]
[Black "Pogorelskikh, Sofia"]
[Result "1-0"]
[WhiteElo "1480"]
[BlackElo "1686"]
[PlyCount "83"]
[EventDate "2016.04.20"]

1. e4 e5 2. Nf3 Nc6 3. d4 exd4 4. Bc4 Bc5 5. O-O Nf6 6. e5 d5 7. exf6 dxc4 8.
Re1+ Kf8 9. fxg7+ Kxg7 10. Bg5 f6 11. Bf4 Bf5 12. Nh4 Bg6 13. a3 a5 14. Nd2 Ne5
15. Bxe5 fxe5 16. Nhf3 e4 17. Nxe4 Ba7 18. Neg5 Bf5 19. Ne6+ Bxe6 20. Rxe6 Bc5
21. Qd2 Be7 22. Qh6+ Kg8 23. Rae1 Bf8 24. Qh5 Qd7 25. Ng5 Ra6 26. R1e5 Rxe6 27.
Nxe6 Bg7 28. Nxg7 Kxg7 29. Rg5+ Kf8 30. Rf5+ Kg8 31. Qg4+ Qg7 32. Rg5 Qxg5 33.
Qxg5+ Kf7 34. Qf5+ Kg7 35. Qe5+ Kg6 36. Qxd4 b5 37. Qc5 Kg7 38. Qxb5 Kf6 39.
Qxc4 Re8 40. Qc6+ Kf7 41. Qxc7+ Kg8 42. f3 1-0

[Event "Russian Championship G13 1st league 2016"]
[Site "Loo"]
[Date "2016.04.22"]
[Round "3.7"]
[White "Safronova, Aleksandra"]
[Black "Artiukhova, Elizaveta"]
[Result "0-1"]
[WhiteElo "1686"]
[BlackElo "1443"]
[PlyCount "120"]
[EventDate "2016.04.20"]

1. e4 c5 2. Nf3 Nc6 3. Bb5 a6 4. Bxc6 bxc6 5. d4 cxd4 6. Nxd4 Nf6 7. Nc3 e6 8.
e5 Nd5 9. Ne4 h6 10. O-O Be7 11. c4 Nb6 12. c5 Nd5 13. Qg4 g6 14. f4 Qc7 15.
Nd6+ Bxd6 16. exd6 Qd8 17. Re1 Qf6 18. Nf3 Qf5 19. Qxf5 gxf5 20. b3 O-O 21. g3
f6 22. Bb2 Nb4 23. Re2 a5 24. Ba3 Nd5 25. Nd2 Ba6 26. Ree1 Rab8 27. Rec1 h5 28.
Nc4 Bxc4 29. Rxc4 Kf7 30. Bb2 Rg8 31. Bc3 Ra8 32. Be1 h4 33. Rb1 hxg3 34. Bxg3
Rab8 35. Re1 Rb4 36. Rxb4 Nxb4 37. Rc1 Nxa2 38. Ra1 Nc3 39. Rxa5 Ne2+ 40. Kf2
Nxg3 41. hxg3 Rb8 42. Ra7 Ke8 43. Ra3 Kd8 44. Ke3 Kc8 45. Kd3 Kb7 46. Ra4 Rg8
47. Rb4+ Kc8 48. Ke3 Rxg3+ 49. Kd2 Rg8 50. Rc4 Kb7 51. Rb4+ Ka6 52. Rb6+ Ka7
53. Rb4 Rb8 54. Ra4+ Kb7 55. Rb4+ Kc8 56. Rc4 Rxb3 57. Kc2 Ra3 58. Kb2 Ra7 59.
Kb3 Rb7+ 60. Kc2 Ra7 0-1

[Event "Russian Championship G13 1st league 2016"]
[Site "Loo"]
[Date "2016.04.22"]
[Round "3.8"]
[White "Tinina, Kristina"]
[Black "Semenova, Daria"]
[Result "1/2-1/2"]
[WhiteElo "1595"]
[BlackElo "1441"]
[PlyCount "61"]
[EventDate "2016.04.20"]

1. e4 d5 2. exd5 Nf6 3. d4 Bg4 4. Nf3 Qxd5 5. Be2 c6 6. c4 Qf5 7. h3 Bxf3 8.
Bxf3 Nbd7 9. Qb3 Rb8 10. O-O e6 11. Re1 Be7 12. Nc3 O-O 13. Ne4 Nxe4 14. Bxe4
Qf6 15. Qc2 h6 16. Rd1 Rfd8 17. Be3 Nb6 18. Rac1 Nc8 19. d5 cxd5 20. cxd5 exd5
21. Rxd5 Rxd5 22. Bxd5 a6 23. b3 b5 24. Qe2 Qe5 25. Qf3 Bd6 26. Qxf7+ Kh7 27.
Qg8+ Kg6 28. Qf7+ Kh7 29. Qg8+ Kg6 30. Qf7+ Kh7 31. Qg8+ 1/2-1/2

[Event "Russian Championship G13 1st league 2016"]
[Site "Loo"]
[Date "2016.04.22"]
[Round "3.9"]
[White "Garafutdinova, Diana"]
[Black "Shagimardanova, Ramilya"]
[Result "1-0"]
[WhiteElo "1530"]
[BlackElo "1413"]
[PlyCount "119"]
[EventDate "2016.04.20"]

1. e4 e5 2. Nf3 d6 3. d4 exd4 4. Nxd4 Nf6 5. Nc3 Be7 6. Bc4 O-O 7. O-O Re8 8.
Bf4 Bf8 9. Re1 c5 10. Ndb5 Be6 11. Bxe6 Rxe6 12. e5 Ne8 13. exd6 Rxe1+ 14. Qxe1
Nxd6 15. Nxd6 Bxd6 16. Rd1 Nc6 17. Bxd6 Nd4 18. Bxc5 Nf3+ 19. gxf3 Qg5+ 20. Kh1
Qxc5 21. Qe3 Qf5 22. Qd3 Qf6 23. Ne4 Qh4 24. Ng3 h6 25. Qe4 Qf6 26. Rg1 g6 27.
Nh5 Qxb2 28. Qf4 Qc3 29. Qf6 Qxf6 30. Nxf6+ Kg7 31. Ne4 Rc8 32. Rc1 f5 33. Nd6
Rc3 34. Nxb7 Rxf3 35. Kg2 Ra3 36. c4 Ra6 37. c5 Rc6 38. Na5 Rc7 39. c6 Kf6 40.
Rb1 Ke6 41. Rb7 Rc8 42. Rxa7 g5 43. Nb3 Rxc6 44. Nd4+ Kd5 45. Nxc6 f4 46. Ne7+
Ke4 47. f3+ Ke3 48. Nf5+ Ke2 49. Nxh6 Ke3 50. Rg7 Ke2 51. a4 g4 52. Rxg4 Ke1
53. a5 Ke2 54. a6 Ke1 55. a7 Ke2 56. a8=Q Ke3 57. Qe4+ Kd2 58. Qxf4+ Ke2 59.
Qe5+ Kd3 60. Rd4+ 1-0

[Event "Russian Championship G13 1st league 2016"]
[Site "Loo"]
[Date "2016.04.22"]
[Round "3.10"]
[White "Sharikova, Arina"]
[Black "Andreeva, Anastasiia"]
[Result "1/2-1/2"]
[WhiteElo "1381"]
[BlackElo "1513"]
[PlyCount "100"]
[EventDate "2016.04.20"]

1. e4 e6 2. b3 d5 3. Bb2 dxe4 4. Nc3 Nf6 5. Qe2 Nbd7 6. Nxe4 Be7 7. O-O-O Nxe4
8. Qxe4 Bf6 9. d4 Nb6 10. Nf3 a5 11. a4 Qd5 12. Qf4 Qd6 13. Qxd6 cxd6 14. Ba3
d5 15. Bd3 Nd7 16. Rhe1 Be7 17. Bxe7 Kxe7 18. Kb2 b6 19. Re3 Ba6 20. Bxa6 Rxa6
21. Rc3 Raa8 22. Rdd3 Rhc8 23. Ne5 f6 24. Nxd7 Kxd7 25. Rxc8 Rxc8 26. Rh3 h6
27. Rc3 Rc6 28. Rg3 g5 29. Rh3 e5 30. Rxh6 exd4 31. h4 Re6 32. h5 Kd6 33. Rh8
Re7 34. h6 Ke5 35. Kc1 Ke4 36. h7 Ke5 37. Kd2 Ke4 38. Rf8 Rxh7 39. Rxf6 Rh2 40.
Rxb6 Rxg2 41. Ke2 g4 42. Rg6 d3+ 43. cxd3+ Kd4 44. Kf1 Rh2 45. Rxg4+ Kxd3 46.
Rg3+ Kc2 47. Ke2 Rh4 48. Rd3 Re4+ 49. Re3 Rf4 50. Re5 Rd4 1/2-1/2

[Event "Russian Championship G13 1st league 2016"]
[Site "Loo"]
[Date "2016.04.22"]
[Round "3.11"]
[White "Ershova, Margarita"]
[Black "Tumashevich, Elizaveta"]
[Result "1/2-1/2"]
[WhiteElo "1513"]
[BlackElo "1305"]
[PlyCount "80"]
[EventDate "2016.04.20"]

1. d4 d5 2. Nf3 c6 3. c3 Nf6 4. Bg5 Nbd7 5. e3 g6 6. Bd3 Bg7 7. Nbd2 O-O 8. O-O
a6 9. e4 dxe4 10. Nxe4 Nxe4 11. Bxe4 Nf6 12. Bc2 b5 13. a4 Bb7 14. Qd2 Rc8 15.
axb5 cxb5 16. Qc1 Re8 17. Bb3 e6 18. Ne5 Qc7 19. Bxf6 Bxf6 20. Nd3 Qc6 21. f3
Qc7 22. Nc5 Ra8 23. Bc2 e5 24. Nxb7 exd4 25. Qd1 d3 26. Bxd3 Qxb7 27. Be4 Qb6+
28. Kh1 Rad8 29. Qc2 Rd6 30. Rad1 Red8 31. Rxd6 Qxd6 32. g3 Qd2 33. Qxd2 Rxd2
34. Rb1 a5 35. Bc6 b4 36. cxb4 axb4 37. b3 Bc3 38. Ba4 Re2 39. Rd1 Re1+ 40.
Rxe1 Bxe1 1/2-1/2

[Event "Russian Championship G13 1st league 2016"]
[Site "Loo"]
[Date "2016.04.22"]
[Round "3.12"]
[White "Kokueva, Alisa"]
[Black "Taranenko, Polina"]
[Result "1-0"]
[WhiteElo "1512"]
[BlackElo "1226"]
[PlyCount "63"]
[EventDate "2016.04.20"]

1. e4 e5 2. Bc4 Nf6 3. Nc3 Nc6 4. d3 Bb4 5. Nge2 O-O 6. O-O b6 7. a3 Be7 8. Kh1
Bb7 9. f4 d6 10. Ng3 Nd4 11. fxe5 dxe5 12. Nf5 Nxf5 13. Rxf5 Bc8 14. Rf1 Bc5
15. Bg5 Bg4 16. Bxf6 Bxd1 17. Bxd8 Bxc2 18. Bh4 Bd4 19. Rac1 Bxc3 20. Rxc2 Bd4
21. Be7 Rfe8 22. Bxf7+ Kh8 23. Bxe8 Rxe8 24. Rxc7 Bxb2 25. Rf8+ Rxf8 26. Bxf8
Kg8 27. Bxg7 Bxa3 28. Rxa7 Bb2 29. Bf6 Bd4 30. Re7 b5 31. Bxe5 Bxe5 32. Rxe5
1-0

[Event "Russian Championship G13 1st league 2016"]
[Site "Loo"]
[Date "2016.04.22"]
[Round "3.13"]
[White "Lukianchenko, Alisa"]
[Black "Abramova, Maria"]
[Result "1-0"]
[WhiteElo "1349"]
[BlackElo "1507"]
[PlyCount "65"]
[EventDate "2016.04.20"]

1. Nf3 d5 2. c4 e6 3. d4 c5 4. Nc3 Nf6 5. dxc5 Bxc5 6. cxd5 exd5 7. Bg5 Be6 8.
e3 Nc6 9. a3 O-O 10. Nb5 Qe7 11. Nbd4 Rfe8 12. Bb5 Nxd4 13. Nxd4 Rac8 14. O-O
Bxd4 15. Qxd4 a6 16. Bd3 b5 17. Rac1 Kh8 18. a4 Rb8 19. Rc6 bxa4 20. Rxa6 Ra8
21. Rxa4 Rxa4 22. Qxa4 Rb8 23. Rb1 Bd7 24. Qa7 Qd6 25. Bf4 Qb4 26. Qxb8+ Qxb8
27. Bxb8 Ne4 28. b4 Nd2 29. Rc1 Nc4 30. Bxc4 dxc4 31. Rxc4 Kg8 32. Rc7 Bc8 33.
Rxc8# 1-0

[Event "Russian Championship G13 1st league 2016"]
[Site "Loo"]
[Date "2016.04.22"]
[Round "3.14"]
[White "Nasonova, Elizaveta"]
[Black "Zhurova, Anna"]
[Result "0-1"]
[WhiteElo "1410"]
[BlackElo "1595"]
[PlyCount "96"]
[EventDate "2016.04.20"]

1. d4 d5 2. c4 e6 3. Nc3 Nf6 4. Bg5 Nbd7 5. e3 Be7 6. cxd5 exd5 7. Nf3 c6 8.
Bd3 O-O 9. O-O Re8 10. Re1 Nf8 11. h3 Ne4 12. Bxe7 Qxe7 13. Qc2 Nxc3 14. bxc3
Qf6 15. e4 Bxh3 16. gxh3 Qxf3 17. Re3 Qf4 18. Rae1 dxe4 19. Bxe4 Re6 20. Rf3
Qg5+ 21. Rg3 Qe7 22. Rge3 Re8 23. Qd3 Qg5+ 24. Rg3 Qa5 25. Qb1 f5 26. Qxb7 R8e7
27. Qb3 fxe4 28. Rxe4 Qd5 29. Qxd5 cxd5 30. Rf4 Rg6 31. Rxg6 Nxg6 32. Rf5 Re1+
33. Kh2 Ne7 34. Re5 Rxe5 35. dxe5 Kf7 36. f4 Ke6 37. Kg3 g5 38. Kg4 gxf4 39.
Kxf4 Ng6+ 40. Kg5 Kxe5 41. Kh6 Nf4 42. h4 Ng6 43. h5 Nf4 44. Kg5 Ne6+ 45. Kh6
Kf6 46. Kxh7 Ng7 47. h6 Nf5 48. a3 a6 0-1

[Event "Russian Championship G13 1st league 2016"]
[Site "Loo"]
[Date "2016.04.22"]
[Round "3.15"]
[White "Tletseri, Julietta"]
[Black "Moskaleva, Arina"]
[Result "1/2-1/2"]
[WhiteElo "1546"]
[BlackElo "1392"]
[PlyCount "68"]
[EventDate "2016.04.20"]

1. e4 c5 2. Nf3 d6 3. d4 cxd4 4. Nxd4 Nf6 5. Nc3 a6 6. h3 e6 7. g4 b5 8. Bg2
Bb7 9. a3 Be7 10. O-O Qc7 11. Be3 O-O 12. g5 Nfd7 13. f4 Qd8 14. h4 Nb6 15. b3
e5 16. Nf5 Nc8 17. Nd5 Nc6 18. Qg4 exf4 19. Bxf4 Ne5 20. Qg3 Ng6 21. Ndxe7+
Ngxe7 22. Nxd6 Nxd6 23. Bxd6 Re8 24. Rad1 Qc8 25. Qf2 Qe6 26. Rfe1 Rad8 27. Qg3
Nc8 28. Bh3 Qg6 29. Bf5 Qh5 30. Bg4 Qg6 31. Bf5 Qh5 32. Bg4 Qg6 33. Bf5 Qh5 34.
Bg4 Qg6 1/2-1/2

[Event "Russian Championship G13 1st league 2016"]
[Site "Loo"]
[Date "2016.04.22"]
[Round "3.16"]
[White "Izbekova, Evdokia"]
[Black "Vityugova, Yaroslava"]
[Result "0-1"]
[WhiteElo "1509"]
[BlackElo "1386"]
[PlyCount "88"]
[EventDate "2016.04.20"]

1. e4 e6 2. d4 d5 3. exd5 exd5 4. c4 c6 5. Nc3 Nf6 6. Nf3 Bg4 7. cxd5 cxd5 8.
Bf4 Nc6 9. Be2 a6 10. O-O Be7 11. Be5 O-O 12. a3 Nd7 13. Nxd5 Bxf3 14. Bxf3
Ndxe5 15. dxe5 Nxe5 16. Nxe7+ Qxe7 17. Be4 Rfd8 18. Qb3 Nc6 19. Rfe1 Qc7 20.
Rac1 Rac8 21. Rc2 Qd7 22. Qh3 Qxh3 23. gxh3 Na5 24. Rxc8 Rxc8 25. Bf5 Rd8 26.
Re7 Kf8 27. Rc7 b5 28. Bc8 Rd6 29. Ra7 Nc4 30. Rxa6 Rd8 31. Bb7 Nxb2 32. Bc6
Rb8 33. Ra7 b4 34. Bd5 f6 35. axb4 Rxb4 36. Rf7+ Ke8 37. Rxg7 Nd3 38. Ra7 Rb1+
39. Kg2 Nf4+ 40. Kf3 Nxd5 41. h4 f5 42. h5 Rb3+ 43. Kg2 Nf4+ 44. Kg1 Rb1# 0-1

[Event "Russian Championship G13 1st league 2016"]
[Site "Loo"]
[Date "2016.04.22"]
[Round "3.17"]
[White "Batarova, Alina"]
[Black "Makarova, Anastasiya"]
[Result "1-0"]
[WhiteElo "1503"]
[BlackElo "1385"]
[PlyCount "120"]
[EventDate "2016.04.20"]

1. e4 c5 2. Nf3 e6 3. d4 cxd4 4. Nxd4 a6 5. Nc3 Qc7 6. Bd3 Nf6 7. O-O b5 8. Kh1
Bb7 9. Qe2 d6 10. f4 Nbd7 11. Bd2 Be7 12. Rae1 Nc5 13. a3 Nxd3 14. cxd3 Nd7 15.
f5 e5 16. Nc2 Nc5 17. Ne3 Nb3 18. Ncd5 Bxd5 19. Nxd5 Qb7 20. Be3 f6 21. Qc2 Na5
22. Nc7+ Kf7 23. Nxa8 Rxa8 24. Rc1 Qb8 25. Qc7 Nb3 26. Qxb8 Rxb8 27. Rc3 Nc5
28. b4 Na4 29. Rc2 Rd8 30. Rfc1 d5 31. Rc8 d4 32. Rxd8 Bxd8 33. Bd2 Nb2 34. Kg1
Nxd3 35. Rc2 Nf4 36. Bxf4 exf4 37. Kf2 g6 38. g3 fxg3+ 39. hxg3 Ke7 40. Rc6 a5
41. Rc5 axb4 42. axb4 g5 43. g4 h6 44. Rxb5 Bc7 45. Rd5 Bb8 46. Ke2 Be5 47. b5
Ke8 48. b6 Ke7 49. b7 Bc7 50. Rxd4 Bb8 51. Rc4 Kd6 52. Rc8 Bc7 53. b8=Q Bxb8
54. Rxb8 Ke5 55. Kf3 Kd4 56. Rh8 Kd3 57. Rxh6 Kd4 58. Rxf6 Ke5 59. Rg6 Kd4 60.
Rxg5 Ke5 1-0

[Event "Russian Championship G13 1st league 2016"]
[Site "Loo"]
[Date "2016.04.22"]
[Round "3.18"]
[White "Zarkova, Elizaveta"]
[Black "Kombar, Mariya"]
[Result "1/2-1/2"]
[WhiteElo "1372"]
[BlackElo "1497"]
[PlyCount "100"]
[EventDate "2016.04.20"]

1. d4 f5 2. c4 Nf6 3. Nc3 e6 4. Bg5 c6 5. e3 d5 6. Bd3 Bd6 7. Qc2 O-O 8. Nge2
Nbd7 9. Bf4 e5 10. dxe5 Nxe5 11. Bxe5 Bxe5 12. cxd5 Nxd5 13. Nxd5 cxd5 14. O-O
Bd7 15. Qb3 Bc6 16. Nd4 Qh4 17. Nf3 Qf6 18. Nxe5 Qxe5 19. Rac1 Rac8 20. Qc3 Qd6
21. Qd4 Rf6 22. Rfd1 Rd8 23. Qxa7 f4 24. exf4 Qxf4 25. Qe3 Qg4 26. Qh3 Qxh3 27.
gxh3 Rdf8 28. Rd2 Rf3 29. Bf1 R8f6 30. Bg2 Rg6 31. Kh1 Rf5 32. Rcd1 Rd6 33. Be4
dxe4 34. Rxd6 e3+ 35. Rxc6 bxc6 36. fxe3 Rf2 37. Rb1 Kf7 38. a4 Rf3 39. b4 Rxe3
40. b5 cxb5 41. axb5 Re7 42. b6 Rb7 43. Kg2 Ke6 44. Kf3 Kd6 45. Ke4 Kc6 46. Ke5
Rxb6 47. Rxb6+ Kxb6 48. Ke6 Kc6 49. Kf7 Kd7 50. Kxg7 h5 1/2-1/2

[Event "Russian Championship G13 1st league 2016"]
[Site "Loo"]
[Date "2016.04.22"]
[Round "3.19"]
[White "Arefieva, Olga"]
[Black "Targyn, Belek"]
[Result "0-1"]
[WhiteElo "1492"]
[BlackElo "1380"]
[PlyCount "96"]
[EventDate "2016.04.20"]

1. e4 e6 2. d4 d5 3. Nd2 Nf6 4. e5 Nfd7 5. Ngf3 c5 6. c3 cxd4 7. cxd4 Bb4 8.
Be2 Nc6 9. O-O O-O 10. a3 Be7 11. Nb3 Re8 12. Bd2 b6 13. Bb5 Ncb8 14. Rc1 Ba6
15. Bxa6 Nxa6 16. Qe2 Nc7 17. Rc2 Qc8 18. Rfc1 Qa6 19. Qxa6 Nxa6 20. Be3 Rab8
21. Nbd2 b5 22. b4 Nb6 23. Rc6 Rbc8 24. Rxc8 Nxc8 25. Rc6 Nb6 26. Nb3 Rc8 27.
Na5 Nb8 28. Rxc8+ Nxc8 29. Nd2 Nb6 30. f4 Nc4 31. Ndxc4 bxc4 32. Kf1 h6 33. g4
g6 34. b5 Bxa3 35. Nc6 Nd7 36. Nxa7 Nb6 37. Bd2 Bb2 38. Ke2 c3 39. Be1 c2 40.
Bd2 c1=Q 41. Bxc1 Bxc1 42. Kf3 g5 43. fxg5 hxg5 44. Ke2 Kf8 45. Kd3 Ke8 46. Kc3
Kd7 47. Kb4 Kc7 48. Kc5 Ba3# 0-1